[Event "V Festival Scacchi Verdi"]
[Site "Bresso ITA"]
[Date "2006.06.18"]
[Round "6"]
[White "Agustoni, Alessandro"]
[Black "Brighenti, Alessandro"]
[Result "1/2-1/2"]
[WhiteElo "1512"]
[BlackElo "1460"]
[PlyCount "112"]
[EventDate "2006.06.15"]

1. e4 d5 2. exd5 Qxd5 3. Nc3 Qa5 4. d4 Nf6 5. Bd2 c6 6. Nf3 Bg4 7. Be2 e6 8.
O-O Nbd7 9. Ne5 Bxe2 10. Qxe2 Qc7 11. Rfe1 Bd6 12. Rad1 O-O 13. h3 Rad8 14.
Nxd7 Rxd7 15. Be3 Rfd8 16. Nb1 c5 17. dxc5 Bxc5 18. Rxd7 Rxd7 19. Bxc5 Qxc5 20.
Rd1 Rxd1+ 21. Qxd1 Qd5 22. Nc3 Qxd1+ 23. Nxd1 Nd5 24. c4 Nf4 25. Kf1 g5 26. Ne3
h5 27. b3 Kf8 28. a3 Ke8 29. Nc2 Kd7 30. Nd4 a6 31. Nf3 f6 32. Nd4 b6 33. b4
Kd6 34. f3 h4 35. Kf2 Nd3+ 36. Ke3 Nb2 37. c5+ bxc5 38. bxc5+ Kxc5 39. Nxe6+
Kd6 40. Nd4 Nc4+ 41. Kd3 Nxa3 42. Ke4 Nc4 43. Kf5 Ke7 44. Nc6+ Kf7 45. Ke4 a5
46. Kd4 Ne5 47. Nxe5+ fxe5+ 48. Kxe5 a4 49. Kd4 a3 50. Kc3 Kf6 51. Kb3 a2 52.
Kxa2 Kf5 53. Kb2 Kf4 54. Kc3 Kg3 55. Kd3 Kf2 56. f4 gxf4 1/2-1/2

[Event "V Festival Scacchi Verdi"]
[Site "Bresso ITA"]
[Date "2006.06.18"]
[Round "6"]
[White "Barberi, Alessandro"]
[Black "Giannini, Mario"]
[Result "1/2-1/2"]
[WhiteElo "2153"]
[BlackElo "1539"]
[PlyCount "68"]
[EventDate "2006.06.15"]

1. d4 Nf6 2. c4 e6 3. Nf3 b6 4. e3 Bb7 5. Bd3 d6 6. Nc3 Be7 7. e4 O-O 8. h3 d5
9. cxd5 exd5 10. e5 Ne4 11. Qc2 c5 12. Nxe4 dxe4 13. Bxe4 Bxe4 14. Qxe4 Na6 15.
O-O cxd4 16. Rd1 Nc5 17. Qg4 d3 18. Bh6 g6 19. Bxf8 Bxf8 20. b4 Ne6 21. Qe4 Qe7
22. Rab1 Rc8 23. Qxd3 Rd8 24. Qb3 Rxd1+ 25. Qxd1 Ng5 26. Nxg5 Qxg5 27. Qe2 Qf5
28. Rb3 Qe6 29. f4 f6 30. Kh1 fxe5 31. Qxe5 Qc8 32. Rc3 Qa6 33. Qe6+ Kh8 34.
Rc8 Qf1+ 1/2-1/2

[Event "V Festival Scacchi Verdi"]
[Site "Bresso ITA"]
[Date "2006.06.18"]
[Round "6"]
[White "Basilico, Davide"]
[Black "Cervini, Gian Piero"]
[Result "1-0"]
[WhiteElo "1482"]
[BlackElo "1831"]
[PlyCount "51"]
[EventDate "2006.06.15"]

1. e4 d6 2. d4 Nf6 3. Nc3 g6 4. Nf3 Bg7 5. Bf4 O-O 6. Bc4 c6 7. e5 Ne8 8. a4
Qa5 9. O-O Nd7 10. Re1 d5 11. Bb3 Nc7 12. Bd2 Qb6 13. a5 Qa6 14. Ne2 c5 15. c3
c4 16. Bc2 f6 17. Ng3 fxe5 18. dxe5 Nc5 19. Bg5 Rf7 20. h4 Bg4 21. Qd4 Bxf3 22.
Qxc5 Ne6 23. Qe3 Nxg5 24. Qxg5 h6 25. Qxg6 Raf8 26. Qh7# 1-0

[Event "V Festival Scacchi Verdi"]
[Site "Bresso ITA"]
[Date "2006.06.18"]
[Round "6"]
[White "Carbone, Lorenzo"]
[Black "Concavo, Daniele"]
[Result "1/2-1/2"]
[WhiteElo "1814"]
[BlackElo "1662"]
[PlyCount "82"]
[EventDate "2006.06.15"]

1. e4 c5 2. Nf3 e6 3. d4 cxd4 4. Nxd4 a6 5. Be2 Nf6 6. Nc3 Qc7 7. O-O Be7 8.
Be3 d6 9. f4 Nc6 10. Nb3 O-O 11. Qe1 b5 12. a3 Bb7 13. Qf2 Nd7 14. Rad1 Rac8
15. Nd4 Nc5 16. Bf3 Rfd8 17. Nxc6 Bxc6 18. b4 Nd7 19. f5 exf5 20. Nd5 Bxd5 21.
exd5 Qxc2 22. Qg3 Ne5 23. Rde1 g6 24. Bb6 Re8 25. Bd1 Qd3 26. Re3 Qxd5 27. Bb3
Nc4 28. Ref3 Qe5 29. Bxc4 Rxc4 30. Qf2 Bf6 31. Re3 Re4 32. Rd3 Rc8 33. Rfd1 Re2
34. Qf3 Rcc2 35. Rxd6 Qb2 36. Kf1 Rxg2 37. Rxf6 Qxf6 38. Qa8+ Kg7 39. Bd4 Rcf2+
40. Ke1 Re2+ 41. Kf1 Ref2+ 1/2-1/2

[Event "V Festival Scacchi Verdi"]
[Site "Bresso ITA"]
[Date "2006.06.18"]
[Round "6"]
[White "Cazzaniga, Walter"]
[Black "Salvador, Roland"]
[Result "1-0"]
[WhiteElo "2134"]
[BlackElo "2396"]
[PlyCount "75"]
[EventDate "2006.06.15"]

1. d4 d5 2. c4 dxc4 3. e4 c5 4. d5 Nf6 5. Nc3 b5 6. e5 b4 7. exf6 bxc3 8. bxc3
exf6 9. Bxc4 Bd6 10. Ne2 O-O 11. O-O Qc7 12. h3 Nd7 13. Bb5 Rb8 14. Bd3 Ne5 15.
Bf4 Nf3+ 16. gxf3 Bxf4 17. Qa4 Bh6 18. Rfd1 Qe5 19. Ng3 f5 20. Qxa7 f4 21. Re1
Qd6 22. Ne4 Qg6+ 23. Kh2 Qh5 24. Bf1 Rb2 25. Qxc5 f5 26. d6 Qh4 27. Bc4+ Be6
28. Bxe6+ Kh8 29. Bxf5 g6 30. Bg4 Bg7 31. Rad1 h5 32. Be6 g5 33. d7 g4 34. fxg4
hxg4 35. Bxg4 f3 36. Qxf8+ Bxf8 37. d8=Q Rxf2+ 38. Kh1 1-0

[Event "V Festival Scacchi Verdi"]
[Site "Bresso ITA"]
[Date "2006.06.18"]
[Round "6"]
[White "Chiarello, Simone"]
[Black "Fornari, Sergio"]
[Result "0-1"]
[WhiteElo "1452"]
[BlackElo "1430"]
[PlyCount "108"]
[EventDate "2006.06.15"]

1. d4 d5 2. c4 Nf6 3. cxd5 Qxd5 4. Nc3 Qd8 5. e4 e6 6. Bg5 Be7 7. Nf3 Nbd7 8.
Bc4 c6 9. e5 Nd5 10. Nxd5 cxd5 11. Bxe7 Qxe7 12. Bd3 Nb6 13. O-O Bd7 14. Rc1
O-O 15. Rc7 Rab8 16. Bb5 Qd8 17. Rc5 Bxb5 18. Rxb5 a6 19. Rc5 Qd7 20. Qc2 Rfc8
21. Rc1 Rxc5 22. dxc5 Rc8 23. Nd4 Nc4 24. Re1 Qc7 25. b4 Nxe5 26. Qe2 Nc4 27.
Nxe6 Qe7 28. Nf4 Qxe2 29. Rxe2 d4 30. a3 g6 31. g3 Kg7 32. Kg2 Rd8 33. Nd3 Kf6
34. Kf3 g5 35. g4 Rd5 36. Kg3 Ne5 37. Rxe5 Rxe5 38. Nxe5 Kxe5 39. Kf3 Kd5 40.
Ke2 Kc4 41. Kd2 d3 42. a4 Kxb4 43. Kxd3 Kxc5 44. Kc3 b5 45. axb5 axb5 46. h3 h6
47. f3 b4+ 48. Kb3 Kb5 49. Kb2 Kc4 50. Kc2 b3+ 51. Kb2 Kb4 52. Kb1 Kc3 53. Kc1
b2+ 54. Kb1 f6 0-1

[Event "V Festival Scacchi Verdi"]
[Site "Bresso ITA"]
[Date "2006.06.18"]
[Round "6"]
[White "Cimo', Alessandro"]
[Black "Azzinaro, Luca"]
[Result "1-0"]
[WhiteElo "1506"]
[BlackElo "1398"]
[PlyCount "93"]
[EventDate "2006.06.15"]

1. d4 d5 2. c4 e6 3. Nc3 Nf6 4. Nf3 c6 5. e3 Bd6 6. Qc2 O-O 7. Bd3 h6 8. Bd2
Nbd7 9. O-O e5 10. dxe5 Nxe5 11. Nxe5 Bxe5 12. cxd5 cxd5 13. f4 Bc7 14. Rac1
Bb6 15. Na4 Be6 16. Nxb6 Qxb6 17. b3 Rac8 18. Qb2 Rxc1 19. Rxc1 Rc8 20. Rxc8+
Bxc8 21. Qc3 Be6 22. h3 Qd8 23. Qd4 b6 24. e4 Qc8 25. f5 Bd7 26. e5 Ne8 27. g4
Qc7 28. Kg2 f6 29. Qxd5+ Kh8 30. Bb5 Bxb5 31. Qxb5 Qxe5 32. Qxe5 fxe5 33. Kf3
Nd6 34. Bb4 Nf7 35. Be7 Kh7 36. h4 g6 37. h5 gxh5 38. gxh5 Ng5+ 39. Bxg5 hxg5
40. f6 Kh6 41. Ke4 g4 42. Kxe5 g3 43. f7 Kg7 44. Ke6 Kf8 45. h6 g2 46. h7 Kg7
47. f8=Q+ 1-0

[Event "V Festival Scacchi Verdi"]
[Site "Bresso ITA"]
[Date "2006.06.18"]
[Round "6"]
[White "Kokosar, Oliviero"]
[Black "Ferraris, Fulvio"]
[Result "0-1"]
[WhiteElo "1478"]
[BlackElo "1751"]
[PlyCount "80"]
[EventDate "2006.06.15"]

1. e4 e6 2. d4 d5 3. Nc3 Bb4 4. e5 Bd7 5. a3 Bxc3+ 6. bxc3 c5 7. Nf3 c4 8. Be2
h6 9. g3 Nc6 10. Nh4 Qc7 11. Bh5 Nce7 12. Qf3 g6 13. Qg4 O-O-O 14. Bxg6 Nxg6
15. Nxg6 fxg6 16. Qxg6 Ne7 17. Qh5 Qa5 18. Bd2 Nf5 19. Qd1 Rdf8 20. f4 h5 21.
Qc1 Qd8 22. Rb1 Bc6 23. Qb2 Rfg8 24. Kf2 h4 25. Rhg1 hxg3+ 26. hxg3 Rh2+ 27.
Ke1 Rxg3 28. Rxg3 Nxg3 29. Kd1 Qh4 30. Qb4 Rh1+ 31. Be1 Qg4+ 32. Kc1 Rxe1+ 33.
Kb2 Rxb1+ 34. Kxb1 Qxf4 35. Qe7 Qf5 36. Qg7 Ne4 37. Kb2 Qf3 38. Qg8+ Kc7 39.
Qxe6 Qxc3+ 40. Kb1 Qxa3 0-1

[Event "V Festival Scacchi Verdi"]
[Site "Bresso ITA"]
[Date "2006.06.18"]
[Round "6"]
[White "Laketic, Gojko"]
[Black "Scotti, Mirko"]
[Result "1-0"]
[WhiteElo "2446"]
[BlackElo "1876"]
[PlyCount "81"]
[EventDate "2006.06.15"]

1. Nf3 d5 2. c4 e6 3. d4 Nf6 4. Nc3 Be7 5. Bg5 Nbd7 6. e3 O-O 7. Qc2 h6 8. Bh4
c6 9. Bd3 dxc4 10. Bxc4 Nd5 11. Bg3 Nxc3 12. bxc3 b5 13. Bd3 Bb7 14. O-O a6 15.
a4 b4 16. cxb4 Bxb4 17. Bh7+ Kh8 18. Be4 a5 19. Nd2 Rc8 20. Nb3 Ba6 21. Rfd1
Qb6 22. Qb2 Bc4 23. Nd2 Bd5 24. Bb1 c5 25. e4 Ba8 26. Nc4 Qc6 27. d5 exd5 28.
exd5 Qf6 29. Qxf6 Nxf6 30. Nb6 Rce8 31. d6 Bc6 32. Bf5 Rd8 33. d7 c4 34. Bc7 c3
35. Rac1 g6 36. Be5 Kg7 37. Bh3 g5 38. Bf5 h5 39. h3 Rg8 40. Rd4 Be7 41. Rxc3
1-0

[Event "V Festival Scacchi Verdi"]
[Site "Bresso ITA"]
[Date "2006.06.18"]
[Round "6"]
[White "Madaschi, Sergio"]
[Black "Tosetto, Flavio"]
[Result "1-0"]
[WhiteElo "1502"]
[BlackElo "1748"]
[PlyCount "65"]
[EventDate "2006.06.15"]

1. e4 e5 2. Nf3 Nc6 3. Bb5 a6 4. Ba4 Nf6 5. O-O Be7 6. Re1 b5 7. Bb3 O-O 8. d4
exd4 9. e5 Ng4 10. Nxd4 Ngxe5 11. Bd5 Bc5 12. Nxc6 Nxc6 13. Qf3 Nd4 14. Qc3 Re8
15. Be3 Nxc2 16. Qxc2 Bxe3 17. fxe3 c6 18. Bf3 Qb6 19. Qd2 d5 20. Kh1 Be6 21.
Nc3 Rad8 22. Qf2 c5 23. a3 Rd6 24. Ne2 Red8 25. Nf4 d4 26. exd4 cxd4 27. Be4
Bc4 28. Rad1 Qb8 29. Nd3 Rh6 30. h3 Rdd6 31. Kg1 Qd8 32. Bf3 Rdf6 33. Qg3
1-0

[Event "V Festival Scacchi Verdi"]
[Site "Bresso ITA"]
[Date "2006.06.18"]
[Round "6"]
[White "Pelizzola, Danilo"]
[Black "Faccio, Fabio"]
[Result "1/2-1/2"]
[WhiteElo "2059"]
[BlackElo "1948"]
[PlyCount "48"]
[EventDate "2006.06.15"]

1. e4 c5 2. Nf3 d6 3. d4 cxd4 4. Nxd4 Nf6 5. Nc3 a6 6. Be2 e5 7. Nb3 Be7 8. O-O
O-O 9. a4 Be6 10. f4 Qc7 11. Be3 Nbd7 12. f5 Bc4 13. Nd2 Bxe2 14. Qxe2 Rfc8 15.
g4 h6 16. Kh1 d5 17. exd5 Bb4 18. Nde4 Nxe4 19. Nxe4 Qxc2 20. Qf3 Rc4 21. Ng3
Rac8 22. g5 hxg5 23. Bxg5 Qxb2 24. Rab1 Qa2 1/2-1/2

[Event "V Festival Scacchi Verdi"]
[Site "Bresso ITA"]
[Date "2006.06.18"]
[Round "6"]
[White "Perissinotto, Claudio"]
[Black "Gandolfi, Gianfranco"]
[Result "1-0"]
[WhiteElo "2119"]
[BlackElo "1875"]
[PlyCount "75"]
[EventDate "2006.06.15"]

1. e4 c5 2. Nf3 d6 3. d4 cxd4 4. Nxd4 Nf6 5. Nc3 Bd7 6. Bg5 e6 7. Ndb5 Bxb5 8.
Bxb5+ Nc6 9. O-O Be7 10. Re1 O-O 11. Be3 Qc7 12. f4 Rfd8 13. Qf3 a6 14. Be2
Rac8 15. Rad1 b5 16. g4 Na5 17. g5 Nd7 18. Bd3 Nc4 19. Bc1 Nc5 20. Bxc4 bxc4
21. Qh5 g6 22. Qg4 Qb7 23. Qg2 Bf8 24. Rd4 Nd7 25. Kh1 Nb6 26. Red1 Rd7 27. Be3
Rcd8 28. R4d2 Bg7 29. Bd4 Bxd4 30. Rxd4 e5 31. R4d2 exf4 32. Qf3 Qc6 33. Qxf4
Qc5 34. Ne2 Qe5 35. c3 Qxf4 36. Nxf4 Kg7 37. Kg2 f6 38. Ne6+ 1-0

[Event "V Festival Scacchi Verdi"]
[Site "Bresso ITA"]
[Date "2006.06.18"]
[Round "6"]
[White "Pezzotta, Gianni"]
[Black "Bernago, Federico"]
[Result "0-1"]
[WhiteElo "1468"]
[BlackElo "1990"]
[PlyCount "54"]
[EventDate "2006.06.15"]

1. Nf3 c5 2. c3 Nf6 3. d3 Nc6 4. e3 e5 5. d4 cxd4 6. exd4 e4 7. Ng1 d5 8. h3
Bd6 9. Be3 O-O 10. Ne2 b5 11. a3 a5 12. Nf4 b4 13. axb4 Qc7 14. g3 Ne7 15. bxa5
Rxa5 16. Rxa5 Qxa5 17. Be2 Nf5 18. Bd2 Qc7 19. Ng2 Re8 20. O-O e3 21. Bxe3 Nxe3
22. Nxe3 Bxh3 23. Ng2 Bxg3 24. fxg3 Qxg3 25. Rf2 Ne4 26. Qf1 Nxf2 27. Bb5 Re1
0-1

[Event "V Festival Scacchi Verdi"]
[Site "Bresso ITA"]
[Date "2006.06.18"]
[Round "6"]
[White "Ronconi, Fausto"]
[Black "Rossi, Giampiero"]
[Result "0-1"]
[WhiteElo "1703"]
[BlackElo "2002"]
[PlyCount "36"]
[EventDate "2006.06.15"]

1. d4 d5 2. c4 e6 3. Nc3 c6 4. Nf3 Nf6 5. Bg5 Nbd7 6. e3 Qa5 7. Qa4 Qxa4 8.
Nxa4 dxc4 9. Nc3 b5 10. a4 Bb4 11. Nd2 O-O 12. axb5 cxb5 13. Bxf6 Nxf6 14. f3
Bxc3 15. bxc3 Nd5 16. Nxc4 bxc4 17. Bxc4 Nxe3 18. Kf2 Nxc4 0-1

[Event "V Festival Scacchi Verdi"]
[Site "Bresso ITA"]
[Date "2006.06.18"]
[Round "6"]
[White "Viale, Fabio"]
[Black "Marinone, Lucio"]
[Result "0-1"]
[WhiteElo "1613"]
[BlackElo "1940"]
[PlyCount "73"]
[EventDate "2006.06.15"]

1. d4 Nf6 2. c4 g6 3. Nc3 d5 4. cxd5 Nxd5 5. Bg5 Bg7 6. Nf3 c5 7. e3 Nxc3 8.
bxc3 Qa5 9. Qb3 Nc6 10. Bc4 O-O 11. O-O Qc7 12. Bf4 e5 13. Bg3 cxd4 14. cxd4
Na5 15. Qb4 Nxc4 16. Rac1 Be6 17. Ng5 Rfc8 18. Nxe6 fxe6 19. Rc3 b5 20. Rfc1
Qd7 21. a4 exd4 22. exd4 a6 23. h3 Nb6 24. Rc7 Rxc7 25. Rxc7 Nd5 26. Rxd7 Nxb4
27. Bd6 Nd3 28. axb5 axb5 29. Rb7 Bxd4 30. Rxb5 Nxf2 31. Rb4 Ra1+ 32. Kh2 Rh1+
33. Kg3 Ne4+ 34. Kg4 Nxd6 35. Rxd4 Nf7 36. Re4 e5 37. Kf3 0-1

[Event "C.to Regionale Piemonte"]
[Site "Ivrea ITA"]
[Date "2006.06.16"]
[Round "1"]
[White "Angelini, Marco"]
[Black "Falamischia, Andrea"]
[Result "1-0"]
[WhiteElo "1841"]
[BlackElo "1524"]
[PlyCount "67"]
[EventDate "2006.06.16"]

1. e4 d6 2. d4 Nf6 3. Nc3 g6 4. Be3 Bg7 5. Bc4 b6 6. Nge2 Bb7 7. f3 O-O 8. Qd2
c5 9. O-O-O cxd4 10. Nxd4 Nbd7 11. g4 a6 12. Bb3 Nc5 13. h4 Nxb3+ 14. cxb3 b5
15. h5 Rc8 16. Kb1 b4 17. Nce2 Nxe4 18. fxe4 Bxe4+ 19. Ka1 Bxh1 20. Rxh1 e5 21.
Nc2 a5 22. Ng3 Qd7 23. hxg6 fxg6 24. Qh2 Bh8 25. Ne4 Bf6 26. Kb1 Rc6 27. Bc1
Qe7 28. Ne3 Qb7 29. Qg2 Qd7 30. Nd5 Bd8 31. Bg5 Rf7 32. Nef6+ Bxf6 33. Nxf6+
Rxf6 34. Bxf6 {...} 1-0

[Event "XI Memorial Bertolini"]
[Site "Genova ITA"]
[Date "2006.06.23"]
[Round "1"]
[White "Regorda, Vittorio"]
[Black "Rossi, Marco"]
[Result "1-0"]
[WhiteElo "1953"]
[BlackElo "1473"]
[PlyCount "109"]
[EventDate "2006.06.23"]

1. e4 e5 2. Nf3 Nc6 3. Bb5 a6 4. Ba4 Nf6 5. O-O d6 6. Re1 Bg4 7. h3 Bh5 8. c3
Be7 9. d4 b5 10. Bb3 exd4 11. cxd4 Bxf3 12. gxf3 O-O 13. Nc3 Qd7 14. Kh2 Na5
15. Bc2 Nc4 16. b3 Nb6 17. Rg1 g6 18. Bg5 Nh5 19. f4 Bxg5 20. fxg5 Rae8 21. Qf3
b4 22. Ne2 Ng7 23. Ng3 Qe6 24. Rae1 f6 25. gxf6 Rxf6 26. Qe3 Ref8 27. Rg2 Rf3
28. Qd2 h5 29. Bd1 Rc3 30. Re3 Rxe3 31. Qxe3 Qf7 32. Ne2 Nd7 33. Qh6 a5 34. f4
Nf6 35. e5 Ne4 36. Bc2 d5 37. Rxg6 Re8 38. Bxe4 dxe4 39. Qxh5 Re6 40. f5 Rxg6
41. Qxg6 Qxg6 42. fxg6 Nf5 43. Kg2 Kg7 44. d5 Ne3+ 45. Kf2 Nxd5 46. Ng3 Nc3 47.
Ke3 Nxa2 48. Nxe4 Nc1 49. Nc5 Na2 50. h4 Nc3 51. h5 Nd5+ 52. Ke4 c6 53. Nb7 a4
54. bxa4 b3 55. Nd6 1-0

[Event "XI Memorial Bertolini"]
[Site "Genova ITA"]
[Date "2006.06.24"]
[Round "2"]
[White "Tocchioni, Doriano"]
[Black "Gardini, Enrico"]
[Result "1/2-1/2"]
[WhiteElo "2259"]
[BlackElo "1909"]
[PlyCount "44"]
[EventDate "2006.06.23"]

1. d4 Nf6 2. Bg5 d5 3. Bxf6 exf6 4. e3 Be7 5. c4 dxc4 6. Bxc4 O-O 7. Nc3 c6 8.
Nge2 Nd7 9. Nf4 Nb6 10. Bb3 Bd6 11. Qf3 Qc7 12. Nd3 Be6 13. Bc2 Nd5 14. Qh5
Nxc3 15. bxc3 h6 16. O-O Qd7 17. e4 Bg4 18. Qh4 Be2 19. Rfe1 Qg4 20. Qxg4 Bxg4
21. c4 Rfe8 22. Rab1 Rab8 1/2-1/2

[Event "XI Memorial Bertolini"]
[Site "Genova ITA"]
[Date "2006.06.24"]
[Round "3"]
[White "Berni, Mauro"]
[Black "Menichini, Massimo"]
[Result "1/2-1/2"]
[WhiteElo "2065"]
[BlackElo "1464"]
[PlyCount "81"]
[EventDate "2006.06.23"]

1. Nf3 d5 2. d4 Nf6 3. e3 Nc6 4. c3 Bg4 5. Be2 e6 6. Nbd2 Bd6 7. O-O O-O 8. Qc2
Bxf3 9. Nxf3 Ne4 10. c4 f5 11. cxd5 exd5 12. b3 Qf6 13. Bb2 Rae8 14. a3 Qh6 15.
Bb5 Re6 16. Bxc6 bxc6 17. Ne5 Qh5 18. f3 Ng5 19. Qe2 Rg6 20. Rac1 Ne6 21. Rc2
c5 22. dxc5 Nxc5 23. Rxc5 Bxc5 24. Nxg6 Qxg6 25. Qd2 Qe6 26. Bd4 Bxa3 27. Ra1
Bd6 28. Rxa7 Rb8 29. Qc3 Re8 30. Ra1 c5 31. Bxc5 Bxc5 32. Qxc5 Qxe3+ 33. Qxe3
Rxe3 34. Rb1 d4 35. Kf2 f4 36. b4 d3 37. b5 Re2+ 38. Kf1 Rc2 39. b6 d2 40. Rd1
Rb2 41. Ke2 1/2-1/2

[Event "XI Memorial Bertolini"]
[Site "Genova ITA"]
[Date "2006.06.25"]
[Round "5"]
[White "Astengo, Marcello"]
[Black "Biancotti, Alessandro"]
[Result "1-0"]
[WhiteElo "2096"]
[BlackElo "1891"]
[PlyCount "69"]
[EventDate "2006.06.23"]

1. d4 d5 2. c4 e6 3. Nc3 Bb4 4. Nf3 Nf6 5. Qa4+ Nc6 6. a3 Bxc3+ 7. bxc3 dxc4 8.
Bg5 h6 9. Bxf6 gxf6 10. e4 Bd7 11. Qxc4 Qe7 12. Be2 Rc8 13. O-O e5 14. Nd2 Rg8
15. Kh1 f5 16. Bf3 Qg5 17. Rad1 f6 18. Rfe1 f4 19. Rg1 Qg7 20. g3 Qf7 21. Bh5
Qxh5 22. Qxg8+ Ke7 23. Qh7+ Qf7 24. Qxh6 exd4 25. gxf4 Rg8 26. cxd4 Nxd4 27.
Rxg8 Qxg8 28. Rg1 Qe6 29. f5 Qe5 30. Rg7+ Kd8 31. f4 Qd6 32. Rg8+ Be8 33. Qh8
Qc6 34. Kg2 Nxf5 35. Rxe8+ 1-0

[Event "XI Memorial Bertolini"]
[Site "Genova ITA"]
[Date "2006.06.25"]
[Round "5"]
[White "Balduzzi, Giovanni"]
[Black "Saffioti, Massimo"]
[Result "0-1"]
[WhiteElo "1443"]
[BlackElo "1737"]
[PlyCount "38"]
[EventDate "2006.06.23"]

1. d4 d5 2. c4 e6 3. Nc3 c5 4. dxc5 d4 5. Ne4 Bxc5 6. Nf3 Nc6 7. e3 Bb4+ 8. Bd2
Bxd2+ 9. Qxd2 f5 10. Ng3 dxe3 11. Qxe3 Qf6 12. Qd2 Bd7 13. Be2 O-O-O 14. O-O
Be8 15. Qc3 Bg6 16. Bd3 Nge7 17. Rad1 e5 18. Be2 e4 19. Nd2 Nd4 0-1

[Event "XI Memorial Bertolini"]
[Site "Genova ITA"]
[Date "2006.06.25"]
[Round "5"]
[White "Fossati, Remigio"]
[Black "Mortola, Alberto"]
[Result "1/2-1/2"]
[WhiteElo "2181"]
[BlackElo "1915"]
[PlyCount "72"]
[EventDate "2006.06.23"]

1. d4 f5 2. g3 Nf6 3. Bg2 g6 4. Nh3 Bg7 5. O-O O-O 6. c4 Nc6 7. d5 Ne5 8. Qc2
c6 9. Bd2 Qe8 10. Bc3 d6 11. Nd2 cxd5 12. cxd5 Bd7 13. Nf4 Rc8 14. Qb3 b6 15.
a4 g5 16. Ne6 Bxe6 17. dxe6 f4 18. gxf4 gxf4 19. Bxe5 dxe5 20. a5 Qh5 21. axb6
axb6 22. Ra7 Qxe2 23. Nf3 e4 24. Re1 Qc2 25. Qxc2 Rxc2 26. Nd4 Rxb2 27. Nf5 f3
28. Rxe7 Nh5 29. Nxg7 Nxg7 30. Rxe4 fxg2 31. Rg4 Rfxf2 32. Rgxg7+ Kf8 33. Rgf7+
Rxf7 34. Rxf7+ Kg8 35. Rb7 Re2 36. Rxb6 Kf8 1/2-1/2

[Event "XI Memorial Bertolini"]
[Site "Genova ITA"]
[Date "2006.06.25"]
[Round "5"]
[White "Pugliese, Alessandro"]
[Black "Squarci, Franco"]
[Result "0-1"]
[WhiteElo "1491"]
[BlackElo "1872"]
[PlyCount "65"]
[EventDate "2006.06.23"]

1. e4 c5 2. Nf3 Nc6 3. Bb5 Qb6 4. Bxc6 Qxc6 5. Nc3 Nf6 6. d3 b5 7. b3 b4 8. Ne2
d6 9. Bb2 e5 10. h3 Be7 11. O-O h6 12. Nd2 g5 13. f3 Nh5 14. Kh1 Rg8 15. Qe1
Nf4 16. Nc4 Be6 17. Ne3 h5 18. Nxf4 gxf4 19. Nf5 Qd7 20. Kh2 h4 21. Nxe7 Qxe7
22. Rg1 Rg3 23. Qe2 Qd7 24. Qf1 Ke7 25. c3 a5 26. c4 Rag8 27. Re1 Ke8 28. Bc1
Kf8 29. Bd2 a4 30. Rd1 Qe7 31. Be1 R3g6 32. Rd2 Qg5 33. Re2 0-1

[Event "XI Memorial Bertolini"]
[Site "Genova ITA"]
[Date "2006.06.25"]
[Round "5"]
[White "Rivara, Massimo"]
[Black "Regorda, Vittorio"]
[Result "1/2-1/2"]
[WhiteElo "1864"]
[BlackElo "1953"]
[PlyCount "41"]
[EventDate "2006.06.23"]

1. e4 e6 2. d3 c5 3. g3 Nc6 4. Bg2 e5 5. Nc3 Nge7 6. f4 d6 7. f5 g6 8. fxg6
fxg6 9. Bg5 Bg7 10. Nd5 O-O 11. Qd2 Be6 12. Nxe7+ Nxe7 13. Ne2 Qd7 14. Bxe7
Qxe7 15. Nc3 Qd7 16. O-O-O Bh3 17. Bxh3 Qxh3 18. Kb1 Rf7 19. Nb5 Qd7 20. Nc3
Raf8 21. Nd5 1/2-1/2

[Event "XIII Torneo FIDE"]
[Site "Montecatini Terme ITA"]
[Date "2006.07.01"]
[Round "1"]
[White "Cornette, Matthieu"]
[Black "Apicella, Manuel"]
[Result "1/2-1/2"]
[WhiteElo "2447"]
[BlackElo "2520"]
[PlyCount "102"]
[EventDate "2006.07.01"]

1. e4 e6 2. d4 d5 3. Nc3 Bb4 4. exd5 exd5 5. Bd3 Nc6 6. a3 Ba5 7. Be3 Bb6 8.
Nce2 Nge7 9. c3 Bf5 10. Nf3 Qd7 11. Ng3 Bxd3 12. Qxd3 f6 13. O-O O-O 14. Nh4
Na5 15. Rae1 Nc4 16. b3 Nd6 17. c4 dxc4 18. bxc4 Ba5 19. Rb1 b6 20. Rfd1 Rad8
21. Bf4 Nf7 22. Nhf5 Nxf5 23. Nxf5 Ne5 24. Qc2 Ng6 25. Bg3 Ne7 26. Ne3 f5 27.
f4 Rde8 28. Rb5 a6 29. Re5 Ng6 30. Rxe8 Qxe8 31. Qd3 b5 32. c5 h5 33. Nxf5 Qf7
34. Nh4 Nxh4 35. Bxh4 Qxf4 36. Bg3 Qg4 37. h3 Qg5 38. Be5 h4 39. Rf1 Rxf1+ 40.
Qxf1 Qe3+ 41. Qf2 Qc1+ 42. Kh2 Bd2 43. Qxh4 Be3 44. Kg3 Qe1+ 45. Kg4 Qe2+ 46.
Kf5 Kf7 47. Bxg7 Kxg7 48. Qe7+ Kh6 49. Qf6+ Kh7 50. Qf7+ Kh8 51. Qe8+ Kh7
1/2-1/2

[Event "XIII Torneo FIDE"]
[Site "Montecatini Terme ITA"]
[Date "2006.07.01"]
[Round "1"]
[White "Naumkin, Igor"]
[Black "Ronchetti, Niccolo'"]
[Result "1/2-1/2"]
[WhiteElo "2430"]
[BlackElo "2421"]
[PlyCount "106"]
[EventDate "2006.07.01"]

1. d4 d5 2. c4 c6 3. Nf3 Nf6 4. Nc3 dxc4 5. a4 Bf5 6. e3 e6 7. Bxc4 Bb4 8. O-O
O-O 9. Nh4 Bg4 10. f3 Bh5 11. g4 Nd5 12. Ng2 Bg6 13. Na2 Be7 14. e4 Nb6 15. Bb3
a5 16. Be3 N8d7 17. Qe2 c5 18. Rad1 Rc8 19. Nc3 cxd4 20. Bxd4 Bc5 21. Bxc5 Rxc5
22. f4 Re8 23. Nb5 Qb8 24. Nd6 Re7 25. f5 Rc6 26. Nb5 exf5 27. gxf5 Bh5 28.
Qxh5 Rh6 29. Qg5 Qxh2+ 30. Kf2 Qe5 31. Nc3 Rh3 32. Bd5 Nc5 33. Nf4 Rxc3 34.
Bxf7+ Rxf7 35. Kg1 Rf8 36. bxc3 Nxe4 37. Qg2 Nxc3 38. Rde1 Qc5+ 39. Kh1 Qxf5
40. Re7 Qf6 41. Rxg7+ Qxg7 42. Qxg7+ Kxg7 43. Ne6+ Kh6 44. Rxf8 Nbxa4 45. Rf6+
Kh5 46. Kg2 b5 47. Kf3 b4 48. Rf5+ Kg6 49. Kg4 h5+ 50. Kf4 b3 51. Nf8+ Kg7 52.
Ne6+ Kg6 53. Nf8+ Kg7 1/2-1/2

[Event "XIII Torneo FIDE"]
[Site "Montecatini Terme ITA"]
[Date "2006.07.01"]
[Round "1"]
[White "Sulava, Nenad"]
[Black "Brunello, Sabino"]
[Result "1/2-1/2"]
[WhiteElo "2489"]
[BlackElo "2391"]
[PlyCount "94"]
[EventDate "2006.07.01"]

1. Nf3 Nf6 2. c4 e6 3. Nc3 d5 4. d4 Be7 5. Bg5 Nbd7 6. e3 O-O 7. Rc1 c6 8. Bd3
dxc4 9. Bxc4 Nd5 10. Bxe7 Qxe7 11. O-O Nxc3 12. Rxc3 e5 13. Bb3 e4 14. Nd2 Nf6
15. Rc5 Bg4 16. Qc2 Nd7 17. Rc3 Be2 18. Rc1 Bd3 19. Qd1 Rad8 20. f4 Nf6 21. Rc5
Nd7 22. Ra5 a6 23. Nf1 b6 24. Rh5 c5 25. Ng3 g6 26. Rg5 Kh8 27. Rd5 c4 28. Rxc4
Bxc4 29. Bxc4 Nb8 30. Re5 Qc7 31. Bb3 f5 32. h4 Nd7 33. Re7 Qd6 34. Re6 Qc7 35.
Qe1 Rf6 36. h5 Rxe6 37. Bxe6 Nf8 38. Bb3 Kg7 39. Ne2 Qe7 40. d5 Qf6 41. Nd4 Rd7
42. Qc3 Kh6 43. hxg6 hxg6 44. Qc8 a5 45. Ne6 Nxe6 46. Qxd7 Qh4 47. dxe6 Qe1+
1/2-1/2

[Event "XIII Torneo FIDE"]
[Site "Montecatini Terme ITA"]
[Date "2006.07.02"]
[Round "2"]
[White "Brunello, Sabino"]
[Black "Naumkin, Igor"]
[Result "1/2-1/2"]
[WhiteElo "2391"]
[BlackElo "2430"]
[PlyCount "33"]
[EventDate "2006.07.01"]

1. e4 e5 2. Nf3 Nc6 3. d4 exd4 4. Nxd4 Bc5 5. Be3 Qf6 6. c3 Nge7 7. Bc4 Ne5 8.
Be2 Qg6 9. O-O d6 10. f4 Qxe4 11. Bf2 Bxd4 12. cxd4 N5g6 13. g3 Bh3 14. Bf3 Qf5
15. Re1 d5 16. Nc3 c6 17. b4 1/2-1/2

[Event "XIII Torneo FIDE"]
[Site "Montecatini Terme ITA"]
[Date "2006.07.02"]
[Round "2"]
[White "Cornette, Matthieu"]
[Black "Mogranzini, Roberto"]
[Result "1-0"]
[WhiteElo "2447"]
[BlackElo "2352"]
[PlyCount "65"]
[EventDate "2006.07.01"]

1. e4 c5 2. Nf3 e6 3. d4 cxd4 4. Nxd4 a6 5. Nc3 Qc7 6. Bd3 Nc6 7. Be3 Nf6 8.
O-O b5 9. Nxc6 Qxc6 10. a3 Bb7 11. Qe2 Bd6 12. Kh1 Be5 13. f3 Qc7 14. Nd1 Bf4
15. Bxf4 Qxf4 16. a4 b4 17. a5 O-O 18. Ra4 Bc6 19. Rxb4 Qe5 20. Qe1 Rfb8 21.
Rxb8+ Rxb8 22. Bxa6 Ra8 23. Bd3 Rxa5 24. f4 Qc7 25. e5 Nh5 26. Ne3 Ra4 27. Qh4
g6 28. Qg5 Qb6 29. f5 Nf4 30. fxg6 hxg6 31. Rxf4 Qxe3 32. Qd8+ Kg7 33. Qf6+ 1-0